Теория автоматического регулирования: учебное пособие

Dades bibliogràfiques
Autor principal: Востриков А. С. Анатолий Сергеевич
Altres autors: Французова Г. А. Галина Александровна
Sumari:В книге представлены теоретические основы и методы управления для различных классов динамических систем. Рассмотрены вопросы анализа и синтеза линейных систем управления, приведены методы исследования свойств нелинейных систем, даны основные сведения об оптимальном управлении и способах автоматического поиска экстремума. Изложе ние материала базируется на описании динамических систем в пространстве состояний. При исследовании свойств линейных систем управления используется аппарат передаточных функций и частотных характеристик. Представлен ряд оригинальных результатов авторов по проблеме синтеза алгоритмов управления нелинейными динамическими объектами при неполной информации об их характеристиках и действии внешних возмущений. Книга рассчитана на широкий круг студентов, аспирантов, инженеров и научных работников, специализирующихся в области автоматического управления.
Idioma:rus
Publicat: Новосибирск, Изд-во НГТУ, 2006
Col·lecció:Учебники НГТУ
Matèries:
Format: MixedMaterials Llibre
KOHA link:https://koha.lib.tpu.ru/cgi-bin/koha/opac-detail.pl?biblionumber=82631

MARC

LEADER 00000nam0a2200000 4500
001 82631
005 20231031095816.0
010 |a 5778203896 
035 |a (RuTPU)RU\TPU\book\88800 
090 |a 82631 
100 |a 20051005d2006 m y0rusy50 ca 
101 0 |a rus 
102 |a RU 
105 |a a j 001zy 
200 1 |a Теория автоматического регулирования  |e учебное пособие  |f А. С. Востриков, Г. А. Французова 
210 |a Новосибирск  |c Изд-во НГТУ  |d 2006 
215 |a 368 с.  |c ил. 
225 1 |a Учебники НГТУ 
320 |a Библиография в конце глав. 
330 |a В книге представлены теоретические основы и методы управления для различных классов динамических систем. Рассмотрены вопросы анализа и синтеза линейных систем управления, приведены методы исследования свойств нелинейных систем, даны основные сведения об оптимальном управлении и способах автоматического поиска экстремума. Изложе ние материала базируется на описании динамических систем в пространстве состояний. При исследовании свойств линейных систем управления используется аппарат передаточных функций и частотных характеристик. Представлен ряд оригинальных результатов авторов по проблеме синтеза алгоритмов управления нелинейными динамическими объектами при неполной информации об их характеристиках и действии внешних возмущений. Книга рассчитана на широкий круг студентов, аспирантов, инженеров и научных работников, специализирующихся в области автоматического управления. 
451 1 |0 (RuTPU)RU\TPU\book\171457  |y 5-06-004686-9  |t Теория автоматического регулирования  |o учебное пособие для вузов  |f А. С. Востриков, Г. А. Французова  |e 2-е изд., стер.  |c М.  |n Высшая школа  |d 2006  |p 366 с.  |a Востриков, Анатолий Сергеевич 
451 1 |0 (RuTPU)RU\TPU\book\67007  |y 5-06-004686-9  |t Теория автоматического регулирования  |o учебное пособие для вузов  |f А. С. Востриков, Г. А. Французова  |c М.  |n Высшая школа  |d 2004  |p 366 с.  |a Востриков, Анатолий Сергеевич 
610 1 |a автоматика 
610 1 |a автоматическое регулирование 
610 1 |a линейные системы 
610 1 |a динамические характеристики 
610 1 |a структурные методы 
610 1 |a непрерывные системы 
610 1 |a устойчивость 
610 1 |a анализ 
610 1 |a синтез 
610 1 |a нелинейные системы 
610 1 |a экстремумы 
610 1 |a автоматический поиск 
610 1 |a оптимальные системы 
610 1 |a учебные пособия 
675 |a 681.51.01:51(075.8)  |v 3 
700 1 |a Востриков  |b А. С.  |g Анатолий Сергеевич 
701 1 |a Французова  |b Г. А.  |g Галина Александровна 
801 1 |a RU  |b 63413507  |c 20051005  |g PSBO 
801 2 |a RU  |b 63413507  |c 20200827  |g PSBO 
900 |a Теория автоматического управления 
900 |a Автоматическое управление 
942 |c BK 
951 |b 220300 
959 |a 78/20051004  |d 1  |e 0  |f ЧЗТЛ:1 
959 |a 36/20070502  |d 15  |e 0  |f УФ:15 
959 |a 36/20090313  |d 10  |e 335,50  |f УФ:10